000 00444nam a2200181Ia 4500
001 24219
005 20260414151029.0
008 260414t2009||||xx |||||||||||||| ||spa||
041 _aESP
082 _a796.07
_bT75
100 _aTorres Solís, José Antonio
_eAUT
245 0 _aDidáctica de la educación física
_b
260 _c2009
300 _a304 páginas :
_c23 cm.
650 _aABD
654 _aCAU
942 _cLIB
_dJUS
_fJUS
_2ddc
_n
999 _c24219
_d24219